书目信息 |
| 题名: |
系统论、信息论、控制论与马克思主义认识论
|
|
| 作者: | 冯国瑞 著 | |
| 分册: | ||
| 出版信息: | 北京 北京大学出版社 1991.6 |
|
| 页数: | 353页 | |
| 开本: | 20cm | |
| 丛书名: | ||
| 单 册: | ||
| 中图分类: | B023 , N94 | |
| 科图分类: | ||
| 主题词: | 控制论--关系--马克思主义哲学--认识论 , 控制论 , 系统理论--关系--马克思主义哲学--认识论 , 系统理论 , 信息论--关系--马克思主义哲学--认识论 , 信息论 | |
| 电子资源: | ||
| ISBN: | 7-301-01435-X | |
| 000 | 00956nam0 2200301 450 | |
| 001 | 1575617213 | |
| 005 | 20150119210036.89 | |
| 010 | @a7-301-01435-X@dCNY6.25 | |
| 020 | @aCN@b92002449 | |
| 100 | @a19920620d1991 kemy0chiy0110 ea | |
| 101 | 0 | @achi |
| 102 | @aCN@b110000 | |
| 105 | @ay z 000yy | |
| 200 | 1 | @a系统论、信息论、控制论与马克思主义认识论@9xi tong lun xin xi lun kong zhi lun yu ma ke si zhu yi ren shi lun@f冯国瑞著 |
| 210 | @a北京@c北京大学出版社@d1991.6 | |
| 215 | @a353页@d20cm | |
| 330 | @a本书比较系统地探讨了系统论、信息论、控制论与马克思主义认识论的辩证关系。 | |
| 606 | 0 | @a控制论@x关系@x马克思主义哲学@x认识论 |
| 606 | 0 | @a控制论 |
| 606 | 0 | @a系统理论@x关系@x马克思主义哲学@x认识论 |
| 606 | 0 | @a系统理论 |
| 606 | 0 | @a信息论@x关系@x马克思主义哲学@x认识论 |
| 606 | 0 | @a信息论 |
| 690 | @aB023 | |
| 690 | @aN94 | |
| 701 | 0 | @a冯国瑞@9feng guo rui@4著 |
| 801 | 0 | @aCN@bTSSF@c20150119 |
| 905 | @aZUCC@dB023@eJY78 | |
| 系统论、信息论、控制论与马克思主义认识论/冯国瑞著.-北京:北京大学出版社,1991.6 |
| 353页;20cm |
| ISBN 7-301-01435-X:CNY6.25 |
| 本书比较系统地探讨了系统论、信息论、控制论与马克思主义认识论的辩证关系。 |
| ● |
| 相关链接 |
|
|
|
|
正题名:系统论、信息论、控制论与马克思主义认识论
索取号:B023/JY78
 
预约/预借
| 序号 | 登录号 | 条形码 | 馆藏地/架位号 | 状态 | 备注 |
| 1 | 7850997 | 278509972 | 学院路分馆/ [索取号:B023/JY78] | 在馆 |